000 00301nam a2200133Ia 4500
008 240624s9999 xx 000 0 und d
041 _aeng
082 _a346.07 TAX
100 _a#N/A
245 _aTAXMANNS CORPORATE LAWS
260 _c2004
_aNew Delhi
_bTaxmann
300 _axli, : 625
365 _cRS
999 _c1527
_d1527